LDR 01129nam a2200253 i 4500 001 000000103345 003 CaOOAMICUS 005 20260529125117.0 008 010927s1982 it u000 u ita u 020 $a88-02-03739-6 040 $aSeMil$bita 245 10$a1: L'antichità classica /$ca cura di Lucio Bertelli ... [et al.] ; con un'introduzione generale di Luigi Firpo. 300 $aXIX, 978 p., [3] c. di tav., [34] p. di tav. 650 4$aRoma antica - Società.$0(OLS)http://semarc/subject/4228 650 4$aGrecia antica - Società.$0(OLS)http://semarc/subject/18031 700 1 $aBertelli, Lucio.$0(OLS)http://semarc/name/44041 700 1 $aFirpo, Luigi,$d<1915-1989>.$0(OLS)http://semarc/name/3493 773 0 $tStoria delle idee politiche economiche e sociali.$dTorino : UTET, 1972-1980.$g1$w()6674 850 $aSeMil 852 $aSeMil$W1$xVenegono$y1$mSL1.M VI 1$j59806$B59806$CSeMilBibl$Z2$F44292 $8I 961 $aAcquisto: UTET (Agente) 996 $6020$a88-02-03739-6$9(OLS)http://semarc/number/83132 996 $6245$a1: L'antichità classica$9(OLS)http://semarc/title/459971